Normal view
MARC view
Entry Topical Term
001 - CONTROL NUMBER
- control field: 28017
003 - CONTROL NUMBER IDENTIFIER
- control field: dpl
005 - DATE AND TIME OF LATEST TRANSACTION
- control field: 20110511121926.0
008 - FIXED-LENGTH DATA ELEMENTS
- fixed length control field: 110511|||a|||||| | ||| d
040 ## - CATALOGING SOURCE
- Original cataloging agency: dpl
- Transcribing agency: dpl
150 ## - HEADING--TOPICAL TERM
- Topical term or geographic name as entry element: साहित्यिक समीक्षा
670 ## - SOURCE DATA FOUND
- Source citation: Work cat.: (dpl): 27525 भोळे,,लक्ष्मण भास्कर, साहित्य अवकाश /, 2009
670 ## - SOURCE DATA FOUND
- Source citation: Work cat.: (dpl): 27525 भोळे,,लक्ष्मण भास्कर, साहित्य अवकाश /, 2009
